Random UFC questions - Statistics

General Stats
  • This quiz has been taken 570 times
  • The average score is 10 of 15
Answer Stats
Question Answer % Correct
First fighter to hold two belts at the SAME TIME Conor Mcgregor
89%
Which of these fighters have NOT yet fought Mcgregor (as of June 2023) Justin Gaethje
84%
Which of these fighters have NEVER gotten a belt Nate Diaz
82%
Who is the only fighter to *beat Jon Jones Matt Hamill
79%
Which of these two fighters come from the same city Cormier/Poirier
77%
Which fighter is known as "The Reaper" Robert Whittaker
77%
Who was Khabibs last UFC fight against Justin Gaethje
76%
Who lost to Masvidal in the first BMF title fight Nate Diaz
75%
Who has officiated the most UFC fights Herb Dean
73%
Which 2 fighters beat Ronda Rousey Holm/Nunes
73%
Which 2 fighters are the only people to get a 4th fight Moreno/Figueiredo
67%
Which fighting style has statistically been more successful in the UFC Wrestling
66%
Which city was used as fight island during the covid-19 pandemic Abu Dhabi
55%
Which UFC fight saved Colby Covingtons career with a historic Post-interview fight Damian Maia
31%
Which venue has held the most UFC events MGM Grand
15%
No matching quizzes found
Score Distribution
Percent of People with Each Score
Percentile by Number Answered
Your Score History
You have not taken this quiz